World Capitals Border Blitz (On a Map) Quiz Stats

 Plays Quiz Updated Apr 2, 2018

Score 0/197 Timer 08:00
17 Plays Today
% Correct
Paris
98.5%
Washington, D.C.
98%
Mexico City
97.9%
Moscow
97.6%
Bern
97.6%
Brasília
97.4%
Ottawa
97.2%
Beijing
97.1%
Berlin
96.8%
Warsaw
96.6%
Rome
96.5%
Pyongyang
96.2%
Vienna
96.1%
Astana
96%
Ulaanbaatar
95.9%
Oslo
95.6%
Helsinki
95.6%
Madrid
95.5%
Kyiv
95.4%
La Paz
94.8%
Islamabad
94.7%
Paramaribo
94.5%
New Delhi
94.4%
Naypyidaw
94.4%
Lima
94.3%
Minsk
94.2%
Brussels
93.6%
Bogotá
93.5%
Buenos Aires
93.4%
Baku
93.2%
Tripoli
92.9%
Kathmandu
92.9%
Vilnius
92.5%
Ankara
92.5%
Luxembourg
92.5%
Thimphu
92.2%
Cairo
92.1%
Ljubljana
92.1%
Khartoum
91.9%
Andorra la Vella
91.5%
Caracas
91.2%
Tbilisi
91.1%
Asunción
91.1%
Riga
90.9%
Kabul
90.7%
Sofia
90.6%
Jerusalem
90.4%
Prague
89.8%
Montevideo
89.6%
Athens
89.2%
Tallinn
89.1%
Ramallah
88.9%
Georgetown
88.7%
Dublin
88.1%
London
88.1%
Baghdad
88%
Budapest
87.9%
Skopje
87.6%
Rabat
87.5%
Vientiane
87.3%
Hanoi
87.3%
Belgrade
87.2%
Pretoria
87.1%
Gaborone
87%
Guatemala City
86.9%
Tehran
86.8%
% Correct
Canberra
86.8%
Windhoek
86.7%
Bucharest
86.6%
Dushanbe
86.6%
Vatican City
86.4%
Maputo
86.3%
San Marino
86.3%
Harare
86.1%
Santiago
86%
Algiers
85.9%
Bishkek
85.3%
Bratislava
84.7%
Juba
83.8%
Addis Ababa
83.8%
Panama City
83.6%
Quito
83.3%
Riyadh
83.1%
Amman
82.8%
Mbabane
82.5%
San José
82.4%
Zagreb
82.1%
Lisbon
82%
Amsterdam
82%
Tirana
81.7%
Damascus
81.6%
Monaco
81.4%
Maseru
81.3%
Niamey
81%
Tokyo
80.7%
Kuala Lumpur
80.5%
Dodoma
80.4%
Nairobi
80.3%
Podgorica
80.1%
Stockholm
79.6%
Kampala
79.5%
Tunis
79.2%
Copenhagen
79.2%
Mogadishu
78.9%
Belmopan
78.8%
Yerevan
78.4%
Bamako
78.4%
Wellington
77.6%
Tegucigalpa
77.5%
Jakarta
77.4%
Conakry
75.4%
Nouakchott
75.3%
Sarajevo
75.1%
N'Djamena
74.7%
Havana
74.5%
Kinshasa
74.4%
Lusaka
73.7%
Ashgabat
73.6%
Vaduz
72.5%
Muscat
72.4%
Chişinău
72.1%
Kuwait City
72.1%
Phnom Penh
71.9%
Port Moresby
71.6%
Abu Dhabi
71.3%
San Salvador
71.2%
Luanda
71.1%
Dhaka
71%
Yamoussoukro
70.6%
Bangui
70.2%
Brazzaville
69.9%
Ouagadougou
69.6%
% Correct
Sana'a
69%
Dili
68.4%
Djibouti
68.3%
Bangkok
68.1%
Managua
68%
Beirut
67.7%
Seoul
67.3%
Dakar
67.1%
Asmara
67%
Monrovia
66.5%
Freetown
65.3%
Kigali
65%
Pristina
64.8%
Porto-Novo
64.3%
Kingston
64.1%
Doha
64%
Lomé
63.8%
Tashkent
63.7%
Port-au-Prince
63.6%
Santo Domingo
63.6%
Yaoundé
63.5%
Accra
62.9%
Abuja
62.8%
Bissau
62.1%
Bujumbura
62%
Manila
60.7%
Singapore
56.2%
Banjul
55.7%
Reykjavik
52.6%
Libreville
50.6%
Nassau
49.6%
Nicosia
48.7%
Bandar Seri
Begawan
48.4%
Lilongwe
48.2%
Malé
47%
Kingstown
45.5%
Valletta
45.3%
Antananarivo
43.1%
Suva
42.6%
Taipei
42.3%
Malabo
42.3%
Port of Spain
41.9%
Victoria
40.2%
Bridgetown
40.1%
St. John's
39.6%
Sri
Jayawardenepura
Kotte
38.1%
São Tomé
38.1%
Apia
37.9%
St. George's
36.1%
Castries
35.1%
Praia
33.8%
Port Louis
33.5%
Roseau
32.8%
Manama
31.8%
Basseterre
31.6%
Funafuti
30.8%
Moroni
30.5%
Port Vila
27.4%
Honiara
27.2%
Tarawa
25.9%
Yaren
25.5%
Nukuʻalofa
25.5%
Palikir
25.1%
Majuro
24.1%
Ngerulmud
19.2%

You're not logged in!

Compare scores with friends on all Sporcle quizzes.
Join for Free
OR
Log In

You Might Also Like...

Show Comments

Extras

Top Quizzes Today


Score Distribution

Your Account Isn't Verified!

In order to create a playlist on Sporcle, you need to verify the email address you used during registration. Go to your Sporcle Settings to finish the process.

Report this User

Report this user for behavior that violates our Community Guidelines.

Details: